| 000 | 00361nam a2200157Ia 4500 | ||
|---|---|---|---|
| 999 |
_c17936 _d17936 |
||
| 003 | 0100 | ||
| 005 | 20190710110025.0 | ||
| 008 | 130303s9999 xx 000 0 und d | ||
| 040 | _cARRUPELIB | ||
| 050 | _aHC930.H67 1996 | ||
| 100 |
_aHope, Kempe Ronald _946839 |
||
| 245 | _aAfrican Political Economy | ||
| 260 |
_aArmonk, NY _bM.E. Sharpe Inc _c1996 |
||
| 300 | _a230p | ||
| 650 |
_aAfrica _xEconomic Policy _930898 |
||
| 942 |
_2lcc _cMONOGRAPH |
||